emegercy - Statistics

General Stats
  • This quiz has been taken 31 times
  • The average score is 4 of 11
Answer Stats
Hint Answer % Correct
takes people to the hospidal ambelus
85%
washing out fire firefider
85%
put people to jail police
85%
makeing people feel better and not sick anymore docter
69%
esareing off bobos and cuts hospidal
31%
putting cars on toe trucks caa
8%
helping people helper
8%
working worker
8%
helping people from dying chock dend
0%
takeing people away kidnapper
0%
takeing people stuff away robbor
0%
No matching quizzes found
Score Distribution
Percent of People with Each Score
Percentile by Number Answered
Your Score History
You have not taken this quiz